Farmakochemie

Gespeichert in:
Bibliographische Detailangaben
1. Verfasser: Hampl, František, 1954-
Weitere Verfasser: Paleček, Jaroslav
Format: Buch
Sprache:Tschechisch
Veröffentlicht: Praha Vydavatelství VŠCHT v Praze 2002
Schlagworte:
Online-Zugang:Im OPAC anzeigen
Tags: Tag hinzufügen
Keine Tags, Fügen Sie das erste Tag hinzu!

MARC

LEADER 00000nam a2200000 a 4500
005 20260127134316.0
008 060411 2002 xr 000 0 cze d
020 |a 8070804955 
035 |a vtls008690170 
039 9 |a 201910201747  |b AUTHORITY  |c 201910201742  |d AUTHORITY  |c 201910201423  |d csnk01  |y 200604111208  |z mschk03 
040 |a STUSCHK1  |b slo  |c STUSCHK1  |e AACR2 
080 |a 615.015(075.8) 
100 1 |a Hampl, František,  |d 1954-  |9 78 
245 1 |a Farmakochemie 
260 |a Praha  |b Vydavatelství VŠCHT v Praze  |c 2002 
300 |a 413 s. 
650 0 |a farmaceutická chémia 
700 1 |a Paleček, Jaroslav 
910 |a SCHK95 
919 |a 80-7080-495-5 
999 |c 9446  |d 9446